00521nam a22001817a 4500008004100000020001800041041000800059080000800067100002400075245005400099250001700153260003300170300003100203500002300234505002600257650003200283650002400315131009b xxu||||| |||| 00| 0 eng d a97839019889360 aeng a1161 aFasching, Wolfgang 10aYou want it? You'll make it! /cWolfgang Fasching a2nd. edition aSalzburg :bColorama ;c2007 a175 f. :bme il. ;c21 cm. aForeword f. : 9-10 aBibliography f. : 175 aLëvizja krijuese xSporti aFilozofia e sportit